Statistics for Municipalities of Kyoto Prefecture

Click here to take the quiz!

General Stats

  • This quiz has been taken 105 times
  • The average score is 12 of 26

Answers on the Map

Answers color-coded by a green-red scale on the quiz's map according to % correct below.
 

Answer Stats

Answer% Correct
Kyoto 京都
100%
Uji 宇治
75%
Kameoka 亀岡
66%
Maizuru 舞鶴
66%
Nagaokakyo 長岡京
63%
Kizugawa 木津川
53%
Kyotanabe 京田辺
53%
Ayabe 綾部
50%
Fukuchiyama 福知山
47%
Kyotango 京丹後
47%
Yawata 八幡
47%
Joyo 城陽
44%
Miyazu 宮津
44%
Muko 向日
44%
Ine 伊根
41%
Kyotanba 京丹波
41%
Nantan 南丹
41%
Oyamazaki 大山崎
38%
Seika 精華
38%
Kasagi 笠置
34%
Yosano 与謝野
34%
Ide 井手
31%
Kumiyama 久御山
31%
Minamiyamashiro 南山城
31%
Ujitawara 宇治田原
31%
Wazuka 和束
25%

Score Distribution

Percentile by Number Answered

Percent of People with Each Score

Your Score History

You have not taken this quiz